000 00796nam a2200217Ia 4500
001 15618
003 GE_BSU
008 181216s||||||||xx |||||||||||||| ||und||
040 _cGE_BSU
080 _a821.161.1-32
245 _aკლიმ სამგინის ცხოვრება. ორმოცი წელი. ნაწ.3
245 _bმოთხრობა
245 _cთარგმ. ბ. ნანიტაშვილისა.რედ.შ.აფხაიძე
260 _aთბილისი
260 _bსაბჭ. მწერალი
260 _c1962
300 _a424 გვ.21სმ
653 _aკლიმ სამგინის ცხოვრება. ორმოცი წელი
653 _aმოთხრობა
942 _cBK
999 _c48718
_d48718